Cálculo del stock de capital humano formado por la inversión en educación
Salvato in:
| Autore principale: | |
|---|---|
| Natura: | Libro |
| Lingua: | spagnolo |
| Pubblicazione: |
Santiago
Universidad de Chile
1979
|
| Serie: | Documento de Investigación, 35
|
| Soggetti: | |
| Tags: |
Aggiungi Tag
Nessun Tag, puoi essere il primo ad aggiungerne!!
|
MARC
| LEADER | 00000nam a2200000 a 4500 | ||
|---|---|---|---|
| 001 | UCR9446 | ||
| 003 | CL-VaPUC | ||
| 008 | 980613e19790600CL |||||||||||||||||spa|d | ||
| 082 | 0 | 4 | |a 331.11 |b RIV |2 21 |
| 100 | 0 | |a Rivera, Mercedes |e author |9 412004 | |
| 245 | 1 | 0 | |a Cálculo del stock de capital humano formado por la inversión en educación |
| 300 | |a 96 p | ||
| 942 | |c BK | ||
| 945 | |d 19980613 00:00:00 |a crobeson | ||
| 260 | |a Santiago |b Universidad de Chile |c 1979 | ||
| 650 | 0 | |a Recursos humanos |9 228420 | |
| 650 | 0 | |a Educación |9 258661 | |
| 650 | 0 | |a Crecimiento económico |9 314037 | |
| 650 | 0 | |a Análisis matemático |9 260146 | |
| 651 | 7 | |a CHILE |2 CL-VaPUC |9 412005 | |
| 583 | |a last modification |c 19980613 00:00:00 |k Rodrigo Vera | ||
| 490 | 0 | |a Documento de Investigación, 35 | |
| 999 | |c 270641 |d 270639 | ||